00353nam a2200133Ia 4500008004100000020002200041041001200063100001400075245006800089260002500157300000800182650001600190700001300206221220s9999 xx 000 0 und d a978-93-325-8534-8 aEnglish aS. Taneja 0aPython Programming - A Modular Approachcby S. Taneja, N. Kumar bPearsonaIndiac2022 a588 aBE Computer aN. Kumar